Ánfora nova : (Record no. 196597)

MARC details
000 -LEADER
campo de control de longitud fija 01616nas a2200445 i 4500
001 - NÚMERO DE CONTROL
campo de control 196597
003 - IDENTIFICADOR DE NÚMERO DE CONTROL
campo de control ES-MaACL
005 - FECHA Y HORA DE LA ÚLTIMA TRANSACCIÓN
campo de control 20250217134954.0
008 - DATOS DE LONGITUD FIJA--INFORMACIÓN GENERAL
campo de control de longitud fija 241008c1989 sp fr p 0uuub0spa
010 ## - NÚMERO DE CONTROL DE LA BIBLIOTECA DEL CONGRESO
Número de control de LC n
Número de control de NUCMC 0
015 ## - NÚMERO DE BIBLIOGRAFÍA NACIONAL
Número de bibliografía nacional 1990/1991-3946
016 7# - NÚMERO DE CONTROL DE UNA AGENCIA BIBLIOGRÁFICA NACIONAL
Número de control del registro biseBNE19940184575
Fuente SpMaBN
Número de control cancelado/no válido REVIS0000002016
017 ## - NÚMERO DE COPYRIGHT O DE DEPÓSITO LEGAL
Número de copyright o de depósito legal CO 1381-1989
Agencia que asigna Oficina Depósito Legal Córdoba
022 0# - NÚMERO INTERNACIONAL NORMALIZADO PARA PUBLICACIONES SERIADAS
Número Internacional Normalizado para Publicaciones Seriadas 1135-5816
035 ## - NÚMERO DE CONTROL DEL SISTEMA
Número de control de sistema (OCoLC)436556266
035 ## - NÚMERO DE CONTROL DEL SISTEMA
Número de control de sistema (SpMaBN)bise0000165367
035 ## - NÚMERO DE CONTROL DEL SISTEMA
Número de control de sistema 991053738149708606
037 ## - FUENTE DE ADQUISICIÓN
Fuente del número de adquisición Alfonso de Castro, 41, 14960; tf./fax: 957532945; c.e.: anforanova@ctv.es, p. web: www.anforanova.es
040 ## - FUENTE DE CATALOGACIÓN
Centro catalogador/agencia de origen SpMaBN
Lengua de catalogación spa
Centro/agencia transcriptor SIC
Normas de descripción rdc
Centro/agencia modificador ES-MaACL
080 ## - NÚMERO DE LA CLASIFICACIÓN DECIMAL UNIVERSAL
Número de la Clasificación Decimal Universal 860
210 0# - TÍTULO ABREVIADO
Título abreviado Anfora nova
222 #0 - TÍTULO CLAVE
Título clave Anfora nova
245 00 - MENCIÓN DEL TÍTULO
Título Ánfora nova :
Resto del título revista literaria /
Mención de responsabilidad, etc. Asociación Ánfora Cultural
260 ## - PUBLICACIÓN, DISTRIBUCIÓN, ETC.
Lugar de publicación, distribución, etc. Rute [Córdoba] :
Nombre del editor, distribuidor, etc. Asociación Ánfora Cultural,
Fecha de publicación, distribución, etc. 1989-
300 ## - DESCRIPCIÓN FÍSICA
Extensión v. ;
Dimensiones 25 cm
310 ## - PERIODICIDAD ACTUAL
Periodicidad actual Semestral
336 ## - TIPO DE CONTENIDO
Fuente rdacontent
Término de tipo de contenido texto
337 ## - TIPO DE MEDIO
Fuente rdamedia
Nombre/término del tipo de medio sin mediación
338 ## - TIPO DE SOPORTE
Fuente rdacarrier
Nombre/término del tipo de soporte volumen
362 0# - FECHAS DE PUBLICACIÓN Y/O DESIGNACIÓN SECUENCIAL
Fecha de publicación y/o designación secuencial N. 1 (oct. 1989)-
597 ## - NOTA DE DESCRIPCIÓN FÍSICA
Nota de descripción física Variaciones en el formato
655 #0 - TERMINO DE INDIZACIÓN--GENERO/FORMA
Datos o término principal de género/forma Revistas literarias
Fuente del término tgfbne
9 (RLIN) 176430
710 2# - ENTRADA AGREGADA--NOMBRE DE ENTIDAD CORPORATIVA
Nombre de entidad corporativa o nombre de jurisdicción como elemento de entrada Asociación Anfora Cultural
9 (RLIN) 239098
852 ## - LOCALIZACIÓN
Ubicación ES-MaACL
Ubicación en estantería Hemeroteca
Número de control de estantería HEM-1922
Donativo/Legado Donación: Editorial
itemnumber 204315
Nota libre Revista viva
-- Casillero actual: Cº 1
856 4# - LOCALIZACIÓN Y ACCESO ELECTRÓNICOS
Identificador Uniforme de Recursos <a href="https://dialnet.unirioja.es/servlet/revista?codigo=26849">https://dialnet.unirioja.es/servlet/revista?codigo=26849</a>
Texto de enlace Sumarios de la revista en Dialnet
866 ## - MENCIÓN TEXTUAL DE FONDOS--UNIDAD BIBLIOGRÁFICA BÁSICA
Fondos 2023-
942 ## - ELEMENTOS DE ENTRADA SECUNDARIOS (KOHA)
Fuente del sistema de clasificación o colocación Clasificación decimal universal
Suprimir en OPAC No
Tipo de ítem Koha Revista
955 ## - CATALOGADOR - EDICIÓN
Nombre de catalogador Orex Digital
Holdings
Estatus retirado Estado de pérdida Fuente del sistema de clasificación o colocación Especificación de materiales (volumen encuadernado u otra parte) Estado de daño No para préstamo Colección Biblioteca de origen Biblioteca actual Ubicación en estantería Fecha de adquisición Fuente de adquisición Total de préstamos Signatura topográfica completa Código de barras Visto por última vez Precio de reemplazo Tipo de ítem Koha
    Clasificación decimal universal Ultimo número recibido: n. 128 (2023)     Periódicos y Revistas Biblioteca del Ateneo de Madrid Biblioteca del Ateneo de Madrid Hemeroteca 08/10/2024 Donación   HEM-1922 (Cº 1) 101229138 08/10/2024 08/10/2024 Revista